000 00908nam0a2200289 i 4500
001 RU\NLR\bibl\1887498
005 20240726052310.0
010 _a9785271381935
_94000
021 _aRU
_b2012-19601
_91479
035 _a(NLR Aleph) 001877222
090 _a2741559
_c2741559
100 _a20120404d2012 u y0rusy50 ca
101 1 _arus
_ceng
102 _aRU
105 _ay |||||||||
200 1 _aСчастливый брак
_eроман
_fРафаэль Иглесиас
_gпер. с англ. Елены Валкиной
210 _aМосква
_cАстрель
_cCORPUS
_d2012
215 _a542, [1] с.
_d20
225 1 _aRoman
309 _aНа корешке: 085
686 _aШ6(7США)67-440.4{Лх1979-50}
700 1 _aИглесиас
_bР.
_gРафаэль
_4070
801 0 _aRU
_bNLR
_c20120404
_gRCR
801 1 _aRU
_bNLR
_c20120404
942 _cBOOK
980 _aNBR